Tvorba e-learningového kurzu pre vybraný vysokoškolský predmet diplomová práca

Enregistré dans:
Détails bibliographiques
Auteur principal: Méri, Jakub
Collectivité auteur: Fakulta hospodárskej informatiky EU. Katedra aplikovanej informatiky
Autres auteurs: Jurík, Pavol, 1987-
Format: Livre
Langue:slovaque
Publié: Bratislava 2020
Tags: Ajouter un tag
Pas de tags, Soyez le premier à ajouter un tag!

MARC

LEADER 00000nbm a2200000 4500
001 0266739
005 20210512110003.1
041 0 |a slo 
044 |a SK 
245 1 0 |a Tvorba e-learningového kurzu pre vybraný vysokoškolský predmet  |b diplomová práca  |c Jakub Méri ; školiteľ: Pavol Jurík 
264 1 |a Bratislava  |c 2020 
300 |a 78 s. 
100 1 |a Méri, Jakub 
700 1 |a Jurík, Pavol, 1987- 
710 2 |a Fakulta hospodárskej informatiky EU. Katedra aplikovanej informatiky